| 000 | 00955cam a2200289 4500 | ||
|---|---|---|---|
| 001 | J3171 | ||
| 008 | 090401t1995 xxu||||| |||| 00| 0 eng d | ||
| 035 | _a(Sirsi) u53528 | ||
| 041 | _aeng | ||
| 050 | _a336.21 | ||
| 110 |
_aLawrence Tattersall _9186 |
||
| 245 | _aNon-domestic rating revaluation 1995: public houses: approved guide to valuation. | ||
| 260 |
_aSheffield _bLawrence Tattersall _c1995 |
||
| 300 | _a15 leaves ; 30cm. | ||
| 350 | _a0 | ||
| 520 | _aFOR REFERENCE ONLY - NOT TO BE PHOTOCOPIED. Guide agreed between the Brewers and Licensed Retailers Association and the Valuation Office Agency. | ||
| 650 | _aAPPROVED GUIDE | ||
| 650 | _aBREWERS AND LICENSED RETAILERS ASSOCIATION | ||
| 650 | _aNON-DOMESTIC RATING | ||
| 650 | _aPUBLIC HOUSES | ||
| 650 | _aRATING REVALUATION 1995 | ||
| 650 | _aVALUATION OFFICE AGENCY | ||
| 650 |
_aValuation _96273 |
||
| 690 | _aRATING AND VALUATION | ||
| 942 | _n0 | ||
| 948 | _c04/03/1997 | ||
| 999 |
_c93283 _d93283 |
||